000 00444nam a2200181Ia 4500
001 11856
008 140331s9999 xx 000 0 und d
020 _a0-471-11596-7
040 _cPK-LaUMT
082 _a 153.1
_bAND-L
100 _aAnderson, John R.
245 _aLearning and memory : An integrated approach
_cAnderson, John R.
260 _c1995
300 _a488 p.
546 _aEN
650 _aConditioned response
942 _cBK
999 _c12697
_d12697